000 01549cam a22004091i 4500
001 ocn926820237
003 TZ-ArACH
005 20230127141759.0
008 160505s2016 njua 000 0 eng d
015 _aGBB666648
_2bnb
016 7 _a017850004
_2Uk
020 _a9780691169101
_q(pbk.)
020 _a0691169101
035 _a(OCoLC)926820237
040 _aUKMGB
_beng
_erda
_cTZ-ArACH
049 _aTZAA
050 _aJV6344
_b.B43 2014
100 1 _aBhabha, Jacqueline,
_eauthor.
245 1 0 _aChild migration and human rights in a global age /
_cJacqueline Bhabha.
300 _axi; 374 p.
_billustrations ;
_c23 cm
490 0 _aHuman rights and crimes against humanity
504 _aNoted and index
520 8 _aWhy, despite massive public concern, is child trafficking on the rise? Why are unaccompanied migrant children living on the streets and routinely threatened with deportation to their countries of origin? This book deals with these questions.
650 0 _aImmigrant children
_xCivil rights.
650 0 _aImmigrant children
_xLegal status, laws, etc.
650 0 _aHuman rights.
650 2 _aHuman Rights
650 6 _aEnfants immigrants
_xDroits.
650 6 _aDroits de l'homme (Droit international)
650 7 _aPolitics and Government.
_2eflch
650 7 _aHuman rights.
_2fast
650 7 _aChildren
_xLegal status, laws, etc.
_2fast
650 7 _aChildren's rights.
_2fast
650 7 _aUnaccompanied immigrant children.
_2fast
650 7 _aPolitics and Government.
_2ukslc
942 _2lcc
_cBOOK
999 _c6820
_d6820